| 000 | 01402naa a22002777a 4500 | ||
|---|---|---|---|
| 001 | BR9506403 | ||
| 003 | BR-BrBNA | ||
| 005 | 20240918181331.0 | ||
| 007 | ta | ||
| 008 | 230509b bl.||||| |||| 00| 0 por d | ||
| 040 |
_aBR-BrBNA _bpor _cBiblioteca Nacional de Agricultura |
||
| 041 | _a(En" | ||
| 072 | _aE14 | ||
| 090 | _aE14 BR9506403 | ||
| 100 | 1 | _aRobock, S.H. | |
| 111 | 1 |
_aConferencia Internacional sobre Impactos de Variacoes Climaticas e Desenvolvimento Sustentavel em Regioes Semi-Aridas _cFortaleza, CE (Brazil) _d27 Jan - 1 Feb 1992 |
|
| 245 | 1 | _aSome historical reflections on the development of a major semi-arid region: the brazilian northeast | |
| 260 | 3 |
_aFortaleza, CE (Brasil): _c1992. |
|
| 500 | _aMagalhaes, A.R.(ed.) Anais da Conferencia Internacional sobre Impactos de Variacoes Climaticas e Desenvolvimento Sustentavel em Regioes Semi-Aridas Fortaleza, CE (Brasil): 1992. v. 4 p. 1025-1035 (BR9506403-AM)E14 | ||
| 650 | _aPolitica de Desenvolvimento | ||
| 650 | _aDesenvolvimento Sustentavel | ||
| 650 | _aRegiao Nordeste | ||
| 773 | 0 |
_tAnais da Conferencia Internacional sobre Impactos de Variacoes Climaticas e Desenvolvimento Sustentavel em Regioes Semi-Aridas _aMagalhaes, A.R.(ed.). Governo do Estado do Ceara, Fortaleza (Brasil) _wE14 BR9506403 _gFortaleza, CE (Brasil), 1992. v. 4 p. 1025-1035 |
|
| 909 |
_a202404 _bLucia _c55 _dLucia Elande |
||
| 942 |
_cAM _2AGRIS |
||
| 999 |
_c324811 _d324811 |
||